| 000 | 00887cam a2200205 4500 | ||
|---|---|---|---|
| 001 | WB@3612-563 | ||
| 008 | 041208n2004 000 0 eng u | ||
| 035 | _a(Sirsi) u128251 | ||
| 245 | _aGuidance for commonhold | ||
| 260 | _c2004 | ||
| 490 |
_aDepartment for Constitutional Affairs Press Notice _v(566/04) 3 December 2004 (2) |
||
| 520 | _aNew guidance has been issued for those people that want to form a commonhold. The guidance contains speciman provisions that can be included in a commonhold community statement and an example of a completed document. Full details can be found on the DCA's website. http://www.dca.gov.uk/pressnfr.htm | ||
| 590 | _aWB | ||
| 590 | _aWB | ||
| 650 | _aCOMMONHOLD AND LEASEHOLD REFORM ACT 2002 | ||
| 650 | _aLONG LEASEHOLDERS | ||
| 650 | _aCOMMONHOLD (LAND REGISTRATION) RULES 2004 | ||
| 690 |
_aLANDLORD AND TENANT _96252 |
||
| 942 | _n0 | ||
| 999 |
_c118418 _d118418 |
||